Agile software development : the cooperative game

Αποθηκεύτηκε σε:
Λεπτομέρειες βιβλιογραφικής εγγραφής
Κύριος συγγραφέας: Cockburn, Alistair
Μορφή: Βιβλίο
Γλώσσα:English
Δημοσίευση: Upper Saddle River, NJ : Addison-Wesley, c2007
Έκδοση:2nd ed.
Σειρά:The Agile software development series
Θέματα:
Ετικέτες: Προσθήκη ετικέτας
Δεν υπάρχουν, Καταχωρήστε ετικέτα πρώτοι!

MARC

LEADER 00000nam a2200000 i 4500
001 1/74828
008 080219s2007 eng d
020 |a 0-321-48275-1 
035 |l 10094756 
040 |a GR-MY-UA  |b gre  |e aacr 
041 0 |a eng 
082 0 |a 005.1  |2 (22) 
100 1 |a Cockburn, Alistair. 
245 1 0 |a Agile software development :  |b the cooperative game /  |c Alistair Cockburn 
250 |a 2nd ed. 
260 |a Upper Saddle River, NJ :   |b Addison-Wesley,   |c c2007 
300 |a xxxiv, 467 σ.;  |b εικ.;  |c 24 εκ. 
490 1 |a The Agile software development series 
504 |a Περιέχει βιβλιογραφικές παραπομπές (σ. 437-452) και ευρετήριο 
650 0 0 |a Agile software development. 
830 0 |a The Agile software development series 
852 |a INST  |b SAMOS  |e 20080219  |h 005.1 COC  |p 005300026841  |q 005300026841  |t BK  |y 0 
901 |a BIBL3-2008-1 
909 |a Σ  |b 142817 
922 |a 3ΕΛΗ  |b 200712  |c ΕΠΕΑΕΚ2/ΤΜΠΕΣ  |d ΕΛΕΥΘΕΡΟΥΔΑΚΗΣ 
970 |a ΡΟΥΣΣΟΥ  |b ΚΩΝΣΤΑΝΤΙΝΑ  |z 2008/02/19